[Event "Barcelona Sant Marti op-B 23rd"]
[Site "Barcelona"]
[Date "2023.07.16"]
[Round "4"]
[White "Berrozpe Gonzalez, Marc"]
[Black "Bonany Falga, Eric"]
[Result "1-0"]
[WhiteElo "1488"]
[BlackElo "1700"]
[PlyCount "67"]
[EventDate "2023.07.13"]
[EventType "swiss"]
[EventRounds "9"]
[EventCountry "ESP"]
[SourceTitle "CBM 215 Extra"]
[Source "ChessBase"]
[SourceDate "2023.09.30"]
[SourceVersion "1"]
[SourceVersionDate "2023.09.30"]
[SourceQuality "1"]

1. e4 e5 2. Nf3 Nc6 3. Bb5 a6 4. Ba4 b5 5. Bb3 Nf6 6. 0-0 Bc5 7. c3 d5 8. exd5 Nxd5 9. h3 0-0 10. Re1 Re8 11. d3 h6 12. Bc2 Bf5 13. Nbd2 Nf4 14. Ne4 Ba7 15. Kh1 Bxe4 16. Rxe4 f5 17. Re1 Bxf2 18. Rf1 Ba7 19. Nxe5 Nxe5 20. Bxf4 Ng6 21. Bh2 Qd7 22. d4 Ne7 23. a4 g6 24. axb5 axb5 25. Qf3 c6 26. g4 Qd5 27. gxf5 Qxf3+ 28. Rxf3 g5 29. f6 Rf8 30. Raf1 Rxf6 31. Rxf6 Nd5 32. Rg6+ Kh7 33. Rf7+ Kh8 34. Be5+ 1-0

[Event "Barcelona Sant Marti op-B 23rd"]
[Site "Barcelona"]
[Date "2023.07.14"]
[Round "2"]
[White "Martin Sanchez, Antoni"]
[Black "Bonany Falga, Eric"]
[Result "1-0"]
[WhiteElo "1448"]
[BlackElo "1700"]
[PlyCount "125"]
[EventDate "2023.07.13"]
[EventType "swiss"]
[EventRounds "9"]
[EventCountry "ESP"]
[SourceTitle "CBM 215 Extra"]
[Source "ChessBase"]
[SourceDate "2023.09.30"]
[SourceVersion "1"]
[SourceVersionDate "2023.09.30"]
[SourceQuality "1"]

1. d4 d5 2. Nf3 Nc6 3. Nbd2 Bf5 4. c3 Nf6 5. e3 a6 6. Be2 e6 7. 0-0 Bd6 8. a3 0-0 9. b4 Ne7 10. Bb2 Ne4 11. c4 dxc4 12. Nxc4 b5 13. Nxd6 Qxd6 14. Rc1 Rac8 15. Ne5 f6 16. Nd3 Ng6 17. f3 Ng5 18. e4 Nxe4 19. fxe4 Bxe4 20. Nc5 Ba8 21. Bf3 Bxf3 22. Qxf3 Nh4 23. Qe4 Ng6 24. Qxe6+ Kh8 25. Qxd6 cxd6 26. Nxa6 Ra8 27. Nc7 Rab8 28. g3 h5 29. Ne6 Rfe8 30. Nf4 Ne7 31. Rc7 Nf5 32. Nxh5 Re2 33. Rf2 Re1+ 34. Kg2 Ne3+ 35. Kh3 Rg8 36. Re7 g5 37. g4 Nxg4 38. Rxe1 Nxf2+ 39. Kg2 Nd3 40. Re2 Rg6 41. d5 Nxb2 42. Rxb2 Rh6 43. Ng3 Rh4 44. Rd2 Kh7 45. h3 Kg6 46. Ne2 f5 47. Nd4 f4 48. Nxb5 Kf5 49. Nxd6+ Ke5 50. Nc4+ Ke4 51. d6 f3+ 52. Kg3 Rh8 53. d7 Rd8 54. Kf2 Kf5 55. Kxf3 Ke6 56. Kg4 Ke7 57. Nb6 Ke6 58. Kxg5 Ke5 59. Re2+ Kd6 60. Re8 Kc7 61. Rxd8 Kxd8 62. Kf6 Kc7 63. Ke7 1-0